Normal view
MARC view
Entry Personal Name
001 - CONTROL NUMBER
- control field: 1893
003 - CONTROL NUMBER IDENTIFIER
- control field: BD-RjUL
005 - DATE AND TIME OF LATEST TRANSACTION
- control field: 20220316130833.0
008 - FIXED-LENGTH DATA ELEMENTS
- fixed length control field: 220316|| aca||aabn | a|a d
040 ## - CATALOGING SOURCE
- Original cataloging agency: BD-RjUL
- Transcribing agency: BD-RjUL
100 ## - HEADING--PERSONAL NAME
- Personal name: Nassar, Hussein ;; نصار، حسين
670 ## - SOURCE DATA FOUND
- Source citation: Work cat.: (BD-RjUL)79569: الكندي، محمد بن يوسف ;; Al-Kindi, Muhammad bin Yusuf, 897-961 1890, ولاة مصر /[wulat misr]The Governors of Egypt or kitab al Umara of al kindi /, ١٩٥٩م. ١٣٧٩ هج.